000
00267nam a22001217a 4500
003
SGT
082
_a
615.32
_b
ABR
100
_a
ABRAL, D.P.
245
_a
HONEYBEE MITES AND THEIR MANAGEMENT
260
_a
DELHI
_b
KALYANI
_c
2009
300
_a
200
942
_2
ddc
_c
BK
_0
1
999
_c
25665
_d
25665